000 01063nam a2200265Ia 4500
005 20260302115032.0
008 008 260114s9999 xx 000 0 eng d
020 _a9781683934660
037 _aTextbook
040 _aCRL
040 _beng
040 _cCRL
041 _2eng
041 _aeng
084 _qCRL
100 _aAnders Ahlqvist, Fergus Kelly, Patricia Kelly, Kim R. McCone, Damian McManus, Rory McTurk, Joseph Falaky Nagy, Ruairí Ó hUiginn, M. Katharine Simms, Liam Breatnach, Pádraig A. Breatnach, Morgan T. Davies, Aidan Doyle, Charlene M. Eska, Hugh Fogarty, William Gillies, Barbara Hillers, Sìm Innes, Aled Llion Jones, Catherine McKenna
_91120509
245 0 _aOllam Studies in Gaelic and Related Traditions in Honor of Tomás Ó Cathasaigh
260 _bBloomsbury
260 _bFairleigh Dickinson University Press
260 _c2016
650 _aLiterary Studies
856 _uhttps://doi.org/10.5040/9781683934660?locatt=label:secondary_bloomsburyCollections
942 _cEBOOK
999 _c1684721
_d1684721